000 00390nam a2200133Ia 4500
008 100328s9999 xx 000 0 und d
082 _b27564
100 _aहरकारे अरुण.
245 _aकल्पनेचा खेळ
260 _bमनोरमा
630 _aकल्पनेचा खेळ
730 _aकल्पनेचा खेळ
942 _cBOOK
999 _c519412
_d519409